=LDR 00000nam 2200000 4500 =001 INLIS000000000035751 =005 20130612141603 =008 ***********************************Ind** =035 ##$$0010-061300000035751 =041 ##$$a Ind =082 ##$$a 370.113.026 =090 ##$$a 370.113.026, Ind P =100 ##$$a Ikapi, anggota =245 ##$$a Pengelolaan dan Penyelenggaraan Pendidikan =260 ##$$a 2010 $b Jakarta =300 ##$$a ix, 220 hlm, 21 cm =650 ##$$a Pendidikan-Undang undang =850 ##$$a NBPNMAT